Zákon o ochrane pred dumpingom pri dovoze tovaru do SR

Nevyhnutnosť prijatia Zákona o ochrane pred dumpingovým dovozom v SR. Dumping a jeho určenie. Vymedzenie pojmu a zisťovanie výšky vývoznej ceny.

Na minha lista:
Detalhes bibliográficos
Autor principal: Kubicová, Jana, 1961-
Formato: Capítulo de Livro
Idioma:eslovaco
Assuntos:
Tags: Adicionar Tag
Sem tags, seja o primeiro a adicionar uma tag!

MARC

LEADER 00000naa a2200000 4500
001 r033012
005 20230911132018.7
041 0 |a slo 
044 |a SK 
245 1 0 |a Zákon o ochrane pred dumpingom pri dovoze tovaru do SR  |c Jana Kubicová 
520 |a Nevyhnutnosť prijatia Zákona o ochrane pred dumpingovým dovozom v SR. Dumping a jeho určenie. Vymedzenie pojmu a zisťovanie výšky vývoznej ceny. 
610 2 0 |a zákony 
610 2 0 |a dumping 
610 2 0 |a clá antidumpingové 
610 2 0 |a ochrana colná 
610 2 0 |a konkurencia 
610 2 0 |a ceny dovozné 
610 2 0 |a ceny vývozné 
610 2 0 |a Slovensko 
610 2 0 |a 1997 
100 1 |a Kubicová, Jana, 1961-